Największe miasta Unii Europejskiej, które nie są stolicą. - Statystyki

Ogólne statystyki
  • Ten quiz został rozwiązany 683 razy
  • Średni wynik to 12 z 20
Statystyki odpowiedzi
Liczba ludności Miasto % Poprawnych
800 653 Kraków
95%
1 620 809 Barcelona
94%
1 456 039 Monachium
87%
1 830 584 Hamburg
83%
1 372 810 Mediolan
82%
861 635 Marsylia
77%
641 607 Wrocław
76%
682 679 Łódź
74%
962 495 Neapol
71%
1 080 394 Kolonia
60%
878 074 Turyn
60%
746 878 Frankfurt
57%
641 326 Rotterdam
46%
689 434 Sewilla
45%
787 808 Walencja
43%
632 743 Stuttgart
31%
666 214 Palermo
30%
617 280 Düsseldorf
29%
590 580 Göteborg
22%
664 938 Saragossa
14%
Nie znaleziono quizów pasujących do podanych kryteriów
Rozkład punktacji
Procent ludzi z każdym wynikiem
Percentyl według liczby udzielonych odpowiedzi
Twoja historia wyników
Nie rozwiązałeś tego quizu